00551nam a2200205Ia 450000500170000000800410001702000150005808200140007310000180008724500220010525000090012726000450013630000190018165000100020065000110021065000080022194200060022995200950023599900150033020241105023554.0240331s9999 xx 000 0 und d a0440156645 bFRIa8232 aFriday, Nancy 0aMy mother my self a2 ND aNew YorkbDell Publishing Co, Inc,c1987 axvi, 475 p .,  aWomen aGender asex cL 001040708LaWERCLbWERCLcSSCd2024-03-31l0o 823 FRIp6855r2024-03-31w2024-03-31yL c5861d5861